[Event "FRA-ch Blitz Online Qual"]
[Site "Europe Echecs INT"]
[Date "2020.05.16"]
[Round "5"]
[White "Afraoui, Solenn"]
[Black "Daude, Alexandre"]
[Result "1-0"]
[WhiteElo "1889"]
[BlackElo "1518"]
[PlyCount "41"]
[EventDate "2020.05.16"]
[EventType "swiss (blitz)"]
[EventRounds "15"]
[EventCountry "FRA"]
[SourceTitle "CBM 196 Extra"]
[Source "ChessBase"]
[SourceDate "2020.07.31"]
[SourceVersion "1"]
[SourceVersionDate "2020.07.31"]
[SourceQuality "1"]

1. e4 e6 2. d4 d5 3. Nc3 Bb4 4. e5 c5 5. Bd2 cxd4 6. Nb5 Bxd2+ 7. Qxd2 Nc6 8. f4 Nge7 9. Nd6+ Kf8 10. Nf3 Qb6 11. 0-0-0 a5 12. Nxd4 a4 13. a3 Ra5 14. Be2 Rc5 15. Kb1 Nxd4 16. Qxd4 Bd7 17. Rhf1 Qc7 18. Rc1 Rc6 19. Bb5 Rb6 20. Bxd7 Qxd7 21. Qxb6 1-0

[Event "FRA-ch Blitz Online Qual"]
[Site "Europe Echecs INT"]
[Date "2020.05.16"]
[Round "1"]
[White "Bouget, Alexandre"]
[Black "Daude, Alexandre"]
[Result "1-0"]
[WhiteElo "2238"]
[BlackElo "1518"]
[PlyCount "31"]
[EventDate "2020.05.16"]
[EventType "swiss (blitz)"]
[EventRounds "15"]
[EventCountry "FRA"]
[SourceTitle "CBM 196 Extra"]
[Source "ChessBase"]
[SourceDate "2020.07.31"]
[SourceVersion "1"]
[SourceVersionDate "2020.07.31"]
[SourceQuality "1"]

1. d4 e6 2. c4 c5 3. d5 exd5 4. cxd5 d6 5. Nc3 g6 6. e4 Bg7 7. f4 Nf6 8. e5 dxe5 9. fxe5 Nh5 10. Nf3 0-0 11. Bc4 Nd7 12. e6 fxe6 13. dxe6 Qe7 14. 0-0 Ne5 15. Nd5 Qxe6 16. Ne7+ 1-0

[Event "FRA-ch Blitz Online Qual"]
[Site "Europe Echecs INT"]
[Date "2020.05.16"]
[Round "6"]
[White "Daude, Alexandre"]
[Black "Ritzenthaler, Stephane"]
[Result "0-1"]
[WhiteElo "1518"]
[BlackElo "1988"]
[PlyCount "61"]
[EventDate "2020.05.16"]
[EventType "swiss (blitz)"]
[EventRounds "15"]
[EventCountry "FRA"]
[SourceTitle "CBM 196 Extra"]
[Source "ChessBase"]
[SourceDate "2020.07.31"]
[SourceVersion "1"]
[SourceVersionDate "2020.07.31"]
[SourceQuality "1"]

1. e4 c5 2. c3 Nf6 3. e5 Nd5 4. d4 Nc6 5. Bc4 Nb6 6. Bb3 e6 7. Nf3 d5 8. exd6 c4 9. Bc2 Bxd6 10. 0-0 h6 11. b3 Bd7 12. Nbd2 cxb3 13. axb3 Nd5 14. Ne4 Be7 15. c4 Ndb4 16. Bb1 0-0 17. Bd2 a5 18. Bc3 Bf6 19. Nxf6+ Qxf6 20. Qd2 Qe7 21. d5 exd5 22. cxd5 Na7 23. Qd4 f6 24. Bxb4 axb4 25. d6 Qe6 26. Bg6 Nb5 27. Qxb4 Rxa1 28. Rxa1 Nxd6 29. Qb6 Bc6 30. Qc7 Qg4 31. Nd2 0-1

[Event "FRA-ch Blitz Online Qual"]
[Site "Europe Echecs INT"]
[Date "2020.05.16"]
[Round "13"]
[White "Falip Morales, Tom"]
[Black "Daude, Alexandre"]
[Result "1-0"]
[WhiteElo "1344"]
[BlackElo "1518"]
[PlyCount "113"]
[EventDate "2020.05.16"]
[EventType "swiss (blitz)"]
[EventRounds "15"]
[EventCountry "FRA"]
[SourceTitle "CBM 196 Extra"]
[Source "ChessBase"]
[SourceDate "2020.07.31"]
[SourceVersion "1"]
[SourceVersionDate "2020.07.31"]
[SourceQuality "1"]

1. d4 e6 2. c3 d5 3. e3 c5 4. Bd3 Nc6 5. Nd2 Bd7 6. f4 Nf6 7. Ngf3 Be7 8. 0-0 0-0 9. Ne5 Nxe5 10. fxe5 Ne8 11. Qh5 h6 12. e4 f6 13. exd5 exd5 14. Nf3 fxe5 15. Nxe5 Rxf1+ 16. Kxf1 Nf6 17. Qf7+ Kh8 18. Ng6+ Kh7 19. Nxe7+ Ne4 20. Qg6+ Kh8 21. Bxe4 dxe4 22. Qxe4 Qf8+ 23. Kg1 Re8 24. Ng6+ Kg8 25. Nxf8 Rxe4 26. Nxd7 cxd4 27. cxd4 Rxd4 28. Ne5 Rd5 29. Bf4 g5 30. Bg3 h5 31. Ng6 Kf7 32. Ne5+ Ke6 33. Re1 Kf5 34. Nf3 h4 35. Re5+ Rxe5 36. Bxe5 g4 37. Nxh4+ Kxe5 38. h3 Kf4 39. Kf2 g3+ 40. Ke2 Kg5 41. Nf3+ Kf4 42. h4 Kg4 43. Kd3 b5 44. Kc3 a5 45. b4 a4 46. Kd4 Kf4 47. Kc5 Ke3 48. h5 Kf2 49. Nh4 Ke3 50. h6 Kf4 51. h7 Kg4 52. h8Q a3 53. Qe5 Kxh4 54. Qg7 Kh5 55. Kd5 Kh4 56. Ke5 Kh5 57. Kf5 1-0